| 000 | 00367 a2200109 4500 | ||
|---|---|---|---|
| 001 | ART_43178 | ||
| 005 | 20260410161943.0 | ||
| 008 | 260409a | ||
| 245 | 1 | 0 | _aEl pacto de cuota litis en la ley de riesgos del trabajo y sus recientes modificaciones |
| 100 | 1 | _aFavier, Daniela | |
| 773 | 0 |
_tTemas de derecho laboral _g- NÂș 8 (ago. 2017) _wREV27619 |
|
| 999 |
_c29658 _d29658 |
||